KOHA-Header-6

Object-Oriented Modelling and Design for Database Applications (Record no. 8413)

000 -LEADER
fixed length control field 00297nam a2200109Ia 4500
100 ## - MAIN ENTRY--AUTHOR NAME
Personal name James Rumbaugh
245 #0 - TITLE STATEMENT
Title Object-Oriented Modelling and Design for Database Applications
260 ## - PUBLICATION, DISTRIBUTION, ETC. (IMPRINT)
Place of publication USA
Name of publisher McGraw Hill
Year of publication 1998
300 ## - PHYSICAL DESCRIPTION
Number of Pages 406
942 ## - ADDED ENTRY ELEMENTS (KOHA)
Koha item type Books
Holdings
Withdrawn status Lost status Collection code Permanent Location Current Location Shelving location Date acquired Full call number Accession Number Koha item type
    Computer Science MAJU MAJU   2019-09-14 005.15 3109 Computer Science

Powered by Koha